Statistics for North American Cities with Most Pro Sports Teams Per Capita

Click here to take the quiz!

General Stats

  • This quiz has been taken 39 times
  • The average score is 6 of 11

Answer Stats

Residents per teamCity% Correct
686KCleveland
71%
322KGreen Bay
64%
565KBuffalo
61%
733KDenver
61%
774KPittsburgh
54%
965KNashville
54%
788KMilwaukee
50%
635KNew Orleans
46%
778KWinnipeg
46%
907KMinneapolis
43%
946KSan Francisco
32%

Score Distribution

Percentile by Number Answered

Percent of People with Each Score

Your Score History

You have not taken this quiz